| 000 | 00399nam a22001337a 4500 | ||
|---|---|---|---|
| 082 |
_a627.23 _bRAJ _cL-22, P-48 |
||
| 100 |
_aRaju, K G Ranga _944006 |
||
| 245 | _aFlow through open channel/ | ||
| 260 |
_aNew Delhi: _bTata McGraw-Hill Publishing Company Liminted, _cc1981 |
||
| 300 |
_axi, 330 p,; _bill,: _c22cm |
||
| 526 |
_a0 _b0 _c0 _d627_230000000000000_RAJ |
||
| 650 |
_aMCE _9379 |
||
| 942 |
_2ddc _cBK |
||
| 999 |
_c547861 _d547861 |
||